Úvod do psychologie dítěte /

Hlavní autor: Neuhöfer, Rudolf, 1876-1945
Jazyk: Čeština
Vydáno: Praha : Dědictví Komenského, 1903
Edice: Časové otázky a rozpravy pedagogické
Dědictví Komenského
Fyzický popis: 72 s. ; 8°
Knihy
Uloženo v:
LEADER 00998nam a2200265 a 4500
001 000615525
003 CZ BrMZK
005 20180920121742.0
008 020808s1903 xr f cze d
015 |a cnb000632466 
040 |a BOA001  |b cze  |d BOA001 
100 1 |a Neuhöfer, Rudolf,  |d 1876-1945  |7 jk01090031  |4 aut 
245 1 0 |a Úvod do psychologie dítěte /  |c napsal Rudolf Neuhöfer 
260 |a Praha :  |b Dědictví Komenského,  |c 1903 
300 |a 72 s. ;  |c 8° 
490 1 |a Časové otázky a rozpravy pedagogické ;  |v sv. 3 
490 1 |a Dědictví Komenského ;  |v č. 34 
830 0 |a Časové otázky a rozpravy pedagogické  |0 s 
830 0 |a Dědictví Komenského  |0 s 
910 |a BOA001  |b 00379-0028.726,3  |b PK-II-0000.243 
920 |a 000768589 
990 |a BK 
993 |a Y 
996 6 |b 2619711318  |c 00379-0028.726,3  |l MZK  |r Sklad / do 1 hodiny  |n 5  |w 000615525  |u 000010  |a 1  |e BOA001  |j MZK50  |s P 
996 6 |b BC-193999  |c PK-II-0000.243  |l MZK  |r Sklad / do 1 hodiny  |n 0  |w 000615525  |u 000020  |a 1  |e BOA001  |j MZK50  |s P